Géographie par image - Z - Statistiques

Statistiques générales
  • Ce quiz a été pris 565 fois
  • Le résultat moyen est 7 sur 18
Statistiques - réponses
Par images Hint Réponse % Correct
(Pays) Zimbabwe
94%
(Capitale) Zagreb
92%
(Pays) Zambie
92%
(Ancien pays) Zaïre
73%
(Canton Suisse) Zurich
72%
(Île) Zanzibar
64%
(Monnaie) Zloty
47%
(Peuple indigène) Zoulous
46%
(Fleuve) Zambeze
44%
(Zone maritime) ZEE
35%
(Province hollandaise) Zélande
29%
(Minéral) Zircon
20%
(Station de ski suisse) Zermatt
19%
(Péninsule cubaine) Zapata
6%
(Chaîne de montagne) Zagros
4%
(Ville) Ziguinchor
3%
(Parc forestier chinois) Zhangjiajie
2%
(Ville) Zwolle
2%
Aucun quiz correspondant
Distribution des résultats
% des personnes avec chaque résultat
Percentile par nombre de réponses
Votre historique - résultats
Vous n’avez pas pris ce quiz